01251ny a22003133n 450000500170000000800410001701700220005802000150008003500080009504000180010304000170012108000170013809000130015510000280016824501090019625600240030526000300032930000200035950602800037965000240065965000330068365000470071665000410076365000280080474000390083285600390087194200080091099900190091820240305165315.0020531s2001 sp s 000 0 spa c aD.L. SE.2962-2001 a8481558044 a188 aUMA.DERdvLex aUMA.REdvlex a342.737(460) c358d3581 aPascual López, Silvia13aLa inviolabilidad del domicilio en el derecho españolh[Recurso electrónico]cSilvia Pascual López aServicio en línea aMadrid :bDykinson,c2001 a193 p. ;c25 cm1 aContenido solo disponible en los productos indicadosdvLex GlobaldvLex Global (Academic Edition, excluding Law Schools)dvLex Global (U.S. Academic Edition, Law Schools)dvLex Global (U.S. Academic Edition, excluding Law Schools)dvLex Global (Academic Edition, Law Schools)07aCivil2Tesauro vLex07aConstitucional2Tesauro vLex07aInviolabilidad del domicilio2Tesauro vLex07aDerechos fundamentales2Tesauro vLex07aDomicilio2Tesauro vLex0 avLex Libros (Servicios en línea)40uhttps://app.vlex.com/#/sources/188 cRAA c158888d158888